000
00293nam a22001337a 4500
008
170714b xxu||||| |||| 00| 0 eng d
020
_a
9780415141178
041
_a
eng
080
_a
101
100
_a
24
101
_a
FJA
245
_a
AN OUTLINE OF PHILOSOPHY
_c
RUSSELL,B
942
_2
udc
_c
BK
999
_c
20677
_d
20677